000 004110000a22001810004500
003 MACL
005 20150902165728.0
008 150902b xxu||||| |||| 00| 0 eng d
040 _aMACL
_cMACL
041 _aEnglish
082 _a800/NAQ
100 _aNagendra, Dr.
_98794
245 _aPremchand
260 _bBansal & Co
_c1981
_aDelhi
350 _a80
650 _aLiterature
_98795
942 _cBK
_k800
_2ddc
999 _c6618
_d6618